Abraham Lincoln's Civil War Cabinet - Statistics

General Stats
  • This quiz has been taken 143 times
  • The average score is 6 of 16
Answer Stats
Hint Answer % Correct
President Abraham Lincoln
98%
Vice President (1865) Andrew Johnson
91%
Secretary of State William Seward
74%
Vice President (1861-1865) Hannibal Hamlin
69%
Secretary of Treasury (1861-1864) Salmon Chase
61%
Secretary of War (1862-1865) Edwin Stanton
60%
Secretary of the Navy Gideon Welles
43%
Secretary of War (1861-1862) Simon Cameron
31%
Attorney General (1861-1864) Edward Bates
30%
Postmaster General (1861-1864) Montgomery Blair
28%
Secretary of the Interior (1861-1862) Caleb Blood Smith
17%
Secretary of Treasury (1864-1865) William Fessenden
15%
Attorney General (1864-1865) James Speed
8%
Postmaster General (1864-1865) William Dennison Jr.
6%
Secretary of Treasury (1865) Hugh McCulloch
5%
Secretary of the Interior (1863-1865) John Palmer Usher
5%
No matching quizzes found
Score Distribution
Percent of People with Each Score
Percentile by Number Answered
Your Score History
You have not taken this quiz